The student EQ edge : (Record no. 117993)
[ view plain ]
| 000 -LEADER | |
|---|---|
| fixed length control field | 00726nam a2200193Ia 4500 |
| 003 - CONTROL NUMBER IDENTIFIER | |
| control field | PILC |
| 005 - DATE AND TIME OF LATEST TRANSACTION | |
| control field | 20160205085159.0 |
| 008 - FIXED-LENGTH DATA ELEMENTS--GENERAL INFORMATION | |
| fixed length control field | 140609s9999 xx 000 0 und d |
| 020 ## - INTERNATIONAL STANDARD BOOK NUMBER | |
| International Standard Book Number | 9781118094600 |
| 050 ## - LIBRARY OF CONGRESS CALL NUMBER | |
| Classification number | BF 576 |
| Item number | .K16 2013 |
| 100 ## - MAIN ENTRY--PERSONAL NAME | |
| Personal name | Kanoy, Korrel. |
| 245 #4 - TITLE STATEMENT | |
| Title | The student EQ edge : |
| Remainder of title | emotional intelligence and your academic and personal success : student workbook / |
| Statement of responsibility, etc | Korrel Kanoy, Steven J. Stein, Howard E. Book |
| 260 ## - PUBLICATION, DISTRIBUTION, ETC. (IMPRINT) | |
| Place of publication, distribution, etc | San Francisco, CA : |
| Name of publisher, distributor, etc | Jossey-Bass, |
| Date of publication, distribution, etc | 2013. |
| 300 ## - PHYSICAL DESCRIPTION | |
| Extent | 220 pages : |
| Other physical details | illustrations ; |
| Dimensions | 28 cm. |
| 500 ## - GENERAL NOTE | |
| General note | Includes bibliographical references and appendices. |
| 650 ## - SUBJECT ADDED ENTRY--TOPICAL TERM | |
| Topical term or geographic name as entry element | Success |
| General subdivision | Psychological aspects -- Problems, exercises, etc. |
| 942 ## - ADDED ENTRY ELEMENTS (KOHA) | |
| Call number prefix | Foreign |
| Koha item type | Books |
| Source of classification or shelving scheme | Library of Congress Classification |
| Withdrawn status | Lost status | Damaged status | Home library | Current library | Shelving location | Date acquired | Cost, normal purchase price | Total Checkouts | Full call number | Barcode | Date last seen | Price effective from | Koha item type |
|---|---|---|---|---|---|---|---|---|---|---|---|---|---|
| College Library | College Library | Reserve Section | 06/09/2014 | 5.00 | BF 576 .K16 2013 | C18281 | 05/15/2018 | 06/09/2014 | Books |